[Event "XV C.to Mondiale seniores"]
[Site "Lignano Sabbiadoro ITA"]
[Date "2005.10.03"]
[Round "6"]
[White "Gutzeit, Avraham"]
[Black "Altshul, Raffael"]
[Result "0-1"]
[WhiteElo "2091"]
[BlackElo "2268"]
[PlyCount "128"]
[EventDate "2005.09.28"]

1. d4 Nf6 2. Nf3 g6 3. Bg5 Bg7 4. Nbd2 O-O 5. e4 d6 6. Be2 Nbd7 7. O-O Qe8 8.
c3 e5 9. Qc2 h6 10. Bh4 Nh5 11. dxe5 Nf4 12. Bc4 dxe5 13. Rfe1 Nb6 14. Bb3 a5
15. a4 Be6 16. Bxe6 Qxe6 17. h3 Qc6 18. b3 Rfe8 19. Rad1 Ne6 20. Qb2 Nc5 21.
Qc2 Qe6 22. c4 Nbd7 23. Nf1 c6 24. g4 Bf6 25. Bg3 Bg7 26. Kg2 Ra6 27. Re3 Raa8
28. Re2 Bf8 29. Ne3 b6 30. Nf1 Ra7 31. N1d2 Bd6 32. Nb1 Bb8 33. Nc3 Nf8 34.
Red2 Bc7 35. Ne2 Qf6 36. Neg1 Qe7 37. Ne2 Raa8 38. Nc1 Nfd7 39. Ne2 Nf6 40. Nc3
Qe6 41. Qb1 Qe7 42. Qc2 h5 43. g5 Nh7 44. h4 Rf8 45. Ne2 f6 46. gxf6 Qxf6 47.
Neg1 Rf7 48. Re1 Raf8 49. Re3 Qe6 50. Qd1 Qg4 51. Qe1 Ne6 52. Nh2 Nf4+ 53. Kh1
Qe6 54. f3 Bd6 55. Bxf4 Rxf4 56. Rg2 Be7 57. Qg3 Kg7 58. Nh3 Rxh4 59. Nf2 Rhf4
60. Nd3 Bh4 61. Nxf4 Rxf4 62. Qxf4 exf4 63. Rd3 Nf6 64. Rgd2 Bg3 0-1

[Event "XV C.to Mondiale seniores"]
[Site "Lignano Sabbiadoro ITA"]
[Date "2005.10.03"]
[Round "6"]
[White "Hasberger, Walter"]
[Black "Khazankin, Moisei"]
[Result "0-1"]
[WhiteElo "1975"]
[BlackElo "2139"]
[PlyCount "38"]
[EventDate "2005.09.28"]

1. e4 c5 2. Nf3 d6 3. d4 cxd4 4. Nxd4 Nf6 5. Nc3 a6 6. Bg5 e6 7. f4 b5 8. Bd3
Qb6 9. Qd2 Nbd7 10. Nce2 Bb7 11. Bxf6 Nxf6 12. Ng3 Nd7 13. Nf3 Be7 14. O-O-O
O-O 15. h4 Rac8 16. Kb1 b4 17. Qe2 Nc5 18. f5 Na4 19. fxe6 Nc3+ 0-1

[Event "XV C.to Mondiale seniores"]
[Site "Lignano Sabbiadoro ITA"]
[Date "2005.10.03"]
[Round "6"]
[White "Haug, Sverre"]
[Black "Pipitone, Antonio"]
[Result "0-1"]
[WhiteElo "1924"]
[BlackElo "2041"]
[PlyCount "110"]
[EventDate "2005.09.28"]

1. Nf3 Nf6 2. d4 g6 3. e3 Bg7 4. c4 c5 5. Nc3 Na6 6. Be2 O-O 7. O-O d6 8. Bd2
b6 9. d5 e6 10. e4 exd5 11. cxd5 Re8 12. Qa4 Nc7 13. Rad1 Bd7 14. Qc2 a6 15.
Bf4 Bb5 16. h3 Bxe2 17. Qxe2 b5 18. Bg5 h6 19. Bxf6 Bxf6 20. Qc2 b4 21. Ne2 Nb5
22. Rfe1 Qa5 23. Ra1 Rac8 24. Qd2 Rxe4 25. a4 Nd4 26. Nexd4 Rxe1+ 27. Rxe1 cxd4
28. Qf4 Kg7 29. Nxd4 Qxd5 30. Nf3 a5 31. b3 Rd8 32. Qe3 Bc3 33. Rb1 Rc8 34. Qe2
Bf6 35. Rd1 Qxb3 36. Rxd6 Qxa4 37. Kh2 Qa1 38. Qb5 b3 39. Qxb3 Rc3 40. Qd5 Rxf3
41. gxf3 Be5+ 42. f4 Bxf4+ 43. Kg2 Bxd6 44. Qxd6 a4 45. h4 h5 46. f4 Qf6 47.
Qd2 a3 48. Kf3 Qxh4 49. Qc3+ Kh7 50. Qc4 Qe7 51. Kg2 Qb7+ 52. Kg3 a2 53. f5 Qb1
54. Kh4 a1=Q 55. fxg6+ fxg6 0-1

[Event "XV C.to Mondiale seniores"]
[Site "Lignano Sabbiadoro ITA"]
[Date "2005.10.03"]
[Round "6"]
[White "Hicker, Harald"]
[Black "Hocevar, Nikola"]
[Result "0-1"]
[WhiteElo "2171"]
[BlackElo "2093"]
[PlyCount "136"]
[EventDate "2005.09.28"]

1. d4 Nf6 2. Nf3 e6 3. c4 b6 4. g3 Ba6 5. Qa4 Be7 6. Bg2 O-O 7. O-O Bb7 8. Nc3
Ne4 9. Qc2 Nxc3 10. Qxc3 Be4 11. Ne1 Bxg2 12. Nxg2 d5 13. cxd5 exd5 14. Nf4 Bf6
15. Qf3 c6 16. e3 Be7 17. Bd2 Nd7 18. Rac1 Rc8 19. Rc2 Nf6 20. Rfc1 Ne4 21. Be1
Qd7 22. Qe2 Rc7 23. b4 b5 24. f3 Nf6 25. Nd3 Rfc8 26. a4 a6 27. axb5 axb5 28.
Ra2 Bd6 29. Ra6 Qe8 30. Rca1 h6 31. Ra7 g6 32. Rxc7 Rxc7 33. Ra6 Nd7 34. Nc5
Nxc5 35. bxc5 Bf8 36. Bf2 f5 37. Qa2 Kg7 38. Ra8 Qe7 39. Qa6 Qd7 40. Be1 Kf7
41. Ba5 Rb7 42. Bb6 Qe7 43. Kf2 Bg7 44. Rc8 b4 45. Qa4 f4 46. gxf4 Qe6 47. Rxc6
Qh3 48. Qxb4 Qxh2+ 49. Ke1 Qg1+ 50. Ke2 Qg2+ 51. Kd3 Qxf3 52. Rc7+ Rxc7 53.
Bxc7 Qf1+ 54. Kc2 Qe2+ 55. Qd2 Qc4+ 56. Qc3 Qe2+ 57. Kb3 Qb5+ 58. Ka3 Qc6 59.
Qa5 Ke6 60. Kb4 h5 61. Qa7 Bf6 62. Qb8 h4 63. Qg8+ Kf5 64. Bd6 h3 65. Qh7 Bd8
66. Qxh3+ Ke4 67. Qe6+ Kf3 68. Kc3 68... Ba5+ $138 0-1

[Event "XV C.to Mondiale seniores"]
[Site "Lignano Sabbiadoro ITA"]
[Date "2005.10.03"]
[Round "6"]
[White "Hohler, Peter"]
[Black "Laco, Giuseppe"]
[Result "1/2-1/2"]
[WhiteElo "2228"]
[BlackElo "2104"]
[PlyCount "122"]
[EventDate "2005.09.28"]

1. d4 g6 2. e4 Bg7 3. c4 d6 4. Nc3 c6 5. Be2 Nf6 6. Nf3 O-O 7. O-O h6 8. b3 Qc7
9. Bb2 Bg4 10. Ne1 Bxe2 11. Qxe2 a6 12. Rc1 Nbd7 13. Kh1 Nh5 14. Nc2 e5 15.
dxe5 Nf4 16. Qe3 dxe5 17. Ba3 Rfe8 18. Rfd1 Nf8 19. Bd6 Qc8 20. Na4 Qg4 21. g3
N4e6 22. Nc5 Nxc5 23. Bxc5 Rad8 24. f3 Qh3 25. Bb6 Rd7 26. Rd3 h5 27. Rcd1 h4
28. g4 Rxd3 29. Qxd3 Ne6 30. Qf1 Qxf1+ 31. Rxf1 h3 32. Rd1 f5 33. gxf5 gxf5 34.
exf5 Nd4 35. Ne1 Bh6 36. Kg1 Be3+ 37. Kf1 Nxf5 38. Rd8 Rxd8 39. Bxd8 Bf4 40.
Kg1 Nd4 41. Bh4 Bd2 42. Kf1 Bxe1 43. Bxe1 Nxf3 44. Bg3 Kf7 45. Kf2 Ng5 46. Bxe5
Ke6 47. Bf4 Ne4+ 48. Kf3 Kf5 49. Bc1 b5 50. cxb5 cxb5 51. a3 a5 52. Be3 a4 53.
bxa4 bxa4 54. Bd4 Nd2+ 55. Kg3 Ke4 56. Bg7 Nf1+ 57. Kxh3 Nxh2 58. Kxh2 Kd5 59.
Kg3 Kc6 60. Kf4 Kb7 61. Ke5 Ka8 1/2-1/2

[Event "XV C.to Mondiale seniores"]
[Site "Lignano Sabbiadoro ITA"]
[Date "2005.10.03"]
[Round "6"]
[White "Ivanets, Vladimir"]
[Black "Viner, Phillip J."]
[Result "1/2-1/2"]
[WhiteElo "2290"]
[BlackElo "2144"]
[PlyCount "182"]
[EventDate "2005.09.28"]

1. b4 Nf6 2. Bb2 d5 3. Nf3 Bg4 4. e3 e6 5. a3 Nbd7 6. c4 c6 7. h3 Bh5 8. Be2
Bd6 9. d3 Qe7 10. Nc3 Rd8 11. b5 dxc4 12. bxc6 Nc5 13. d4 Nd3+ 14. Bxd3 cxd3
15. Qxd3 bxc6 16. Ne4 Nxe4 17. Qxe4 Qb7 18. Qc2 O-O 19. O-O Rb8 20. Bc3 Qb3 21.
Qxb3 Rxb3 22. Bb4 Bxb4 23. axb4 Bxf3 24. gxf3 Ra8 25. Rfc1 Rxb4 26. Rxc6 Rb7
27. Rca6 g6 28. f4 Kg7 29. Kg2 Kf6 30. Kf3 Ke7 31. R1a5 Rd7 32. Ke4 Rb7 33. h4
h5 34. Kf3 Rd7 35. Ra4 Rb7 36. e4 Rb3+ 37. Kg2 Rb7 38. Kg3 Rb3+ 39. f3 Rb2 40.
f5 gxf5 41. exf5 Kf6 42. fxe6 fxe6 43. d5 Rg8+ 44. Kf4 Rb6 45. dxe6 Kxe6 46.
Rxa7 Rf8+ 47. Ke4 Kf6 48. R7a6 Rfb8 49. Kf4 Kg6 50. Kg3 Kh6 51. f4 Kg6 52. Kf3
Kf6 53. R4a5 Rxa6 54. Rxa6+ Kg7 55. Rd6 Rb3+ 56. Ke4 Rh3 57. Ke5 Rxh4 58. Rd7+
Kg8 59. f5 Rh1 60. Kf6 Rf1 61. Rd8+ Kh7 62. Rd5 Kg8 63. Re5 Kf8 64. Rb5 Kg8 65.
Rb2 h4 66. Rg2+ Kf8 67. Rg4 Ra1 68. Rxh4 Ra6+ 69. Kg5 Kg7 70. Rb4 Ra7 71. Rb6
Kf7 72. Rh6 Ra5 73. Rh7+ Kg8 74. Re7 Kf8 75. Rb7 Ra6 76. Rb5 Kf7 77. Rb8 Kg7
78. Rb7+ Kg8 79. Kf4 Ra5 80. Rb6 Kf7 81. Kg5 Ra7 82. Rh6 Ra5 83. Rh7+ Kg8 84.
Rd7 Kf8 85. Rd6 Kf7 86. Rb6 Kg7 87. Re6 Ra7 88. Rc6 Rb7 89. Ra6 Kf7 90. Rh6 Rb5
91. Ra6 Rb7 1/2-1/2

[Event "XV C.to Mondiale seniores"]
[Site "Lignano Sabbiadoro ITA"]
[Date "2005.10.03"]
[Round "6"]
[White "Jansa, Vlastimil"]
[Black "Gruzmann, Boris"]
[Result "1-0"]
[WhiteElo "2511"]
[BlackElo "2278"]
[PlyCount "105"]
[EventDate "2005.09.28"]

1. e4 c5 2. Nf3 d6 3. d4 cxd4 4. Nxd4 Nf6 5. Nc3 a6 6. Be2 g6 7. O-O Bg7 8. Re1
O-O 9. Bf1 Nc6 10. Nb3 b5 11. a4 b4 12. Nd5 e6 13. Nxf6+ Bxf6 14. a5 Bb7 15.
Ra2 Rc8 16. Bh6 Bg7 17. Bxg7 Kxg7 18. Qd2 Qe7 19. Re3 h5 20. Ra1 Rfd8 21. Nd4
d5 22. Nxc6 Bxc6 23. e5 d4 24. Rb3 Be4 25. Qxb4 Qxb4 26. Rxb4 Bxc2 27. Bxa6 d3
28. Bxc8 d2 29. f4 Rxc8 30. Rd4 Bd3 31. Rxd3 Rc1+ 32. Kf2 Rxa1 33. Rxd2 Rxa5
34. b4 Rb5 35. Rb2 f6 36. exf6+ Kxf6 37. Kf3 e5 38. Ke4 exf4 39. Kxf4 g5+ 40.
Ke4 Ke6 41. h3 h4 42. Kd4 Kd6 43. Kc4 Rf5 44. Rc2 Kc6 45. Kd3+ Kd6 46. Rc5 Rf4
47. Rxg5 Rxb4 48. Rg4 Rxg4 49. hxg4 Ke5 50. Ke3 Kf6 51. Kf4 Kg6 52. g5 Kh5 53.
Kf5 1-0

[Event "XV C.to Mondiale seniores"]
[Site "Lignano Sabbiadoro ITA"]
[Date "2005.10.03"]
[Round "6"]
[White "Joksic, Sinisa"]
[Black "Zhelesny, Stanislav"]
[Result "1-0"]
[WhiteElo "2282"]
[BlackElo "2277"]
[PlyCount "91"]
[EventDate "2005.09.28"]

1. c4 Nf6 2. Nc3 g6 3. e4 d6 4. d4 Bg7 5. Be2 O-O 6. Nf3 Nbd7 7. O-O e5 8. Re1
exd4 9. Nxd4 Nc5 10. Bf3 Nfd7 11. Be3 Ne5 12. Be2 Ne6 13. f4 Nc6 14. Nxc6 bxc6
15. Qd2 c5 16. Bf1 Nd4 17. Rad1 Bg4 18. Rc1 Rb8 19. b3 Bd7 20. e5 dxe5 21. fxe5
Bc6 22. Bg5 f6 23. exf6 Bxf6 24. Bh6 Bg7 25. Nd5 Bxh6 26. Qxh6 Nf5 27. Qf4 Qd6
28. Qxd6 cxd6 29. g4 Bxd5 30. gxf5 Bf7 31. fxg6 Bxg6 32. Rcd1 Rf6 33. Re7 Rbf8
34. Bg2 a5 35. Ra7 Rf2 36. Rf1 Rxf1+ 37. Bxf1 Rf4 38. Rxa5 Rd4 39. Ra7 Rd2 40.
Bg2 Bf7 41. a4 d5 42. cxd5 Bxd5 43. Bxd5+ Rxd5 44. Rb7 Rd2 45. Rc7 Rb2 46. a5
1-0

[Event "XV C.to Mondiale seniores"]
[Site "Lignano Sabbiadoro ITA"]
[Date "2005.10.03"]
[Round "6"]
[White "Kaminik, Aleksandar"]
[Black "Titz, Herbert"]
[Result "1-0"]
[WhiteElo "2278"]
[BlackElo "2079"]
[PlyCount "91"]
[EventDate "2005.09.28"]

1. d4 Nf6 2. c4 c5 3. d5 b5 4. cxb5 a6 5. bxa6 Bxa6 6. Nc3 d6 7. e4 Bxf1 8.
Kxf1 g6 9. g4 Qc8 10. g5 Nfd7 11. Kg2 Bg7 12. f4 Nb6 13. h3 N8d7 14. Nf3 Qa6
15. Re1 Na4 16. Nxa4 Qxa4 17. Qxa4 Rxa4 18. e5 O-O 19. b3 Ra7 20. Bb2 Nb6 21.
Red1 Rd8 22. Kg3 dxe5 23. Nxe5 Rxd5 24. a4 f6 25. gxf6 exf6 26. Rxd5 Nxd5 27.
Nc4 Rb7 28. Ra3 Bh6 29. Kf3 Kg7 30. a5 Rd7 31. a6 Ra7 32. Ra5 Nb4 33. Ba3 Nc6
34. Bxc5 Ra8 35. Ra2 Kf7 36. b4 Bf8 37. Nb6 Bxc5 38. Nxa8 Nxb4 39. Ra5 Bg1 40.
Nc7 Nc6 41. Ra1 Bd4 42. Rc1 Na7 43. Ke4 Bf2 44. Rb1 h5 45. Rb7 Kg7 46. Nb5+ 1-0

[Event "XV C.to Mondiale seniores"]
[Site "Lignano Sabbiadoro ITA"]
[Date "2005.10.03"]
[Round "6"]
[White "Karl, Hans"]
[Black "Bernhoeft, Erhard"]
[Result "1/2-1/2"]
[WhiteElo "2290"]
[BlackElo "2079"]
[PlyCount "48"]
[EventDate "2005.09.28"]

1. d4 g6 2. e4 Bg7 3. c3 b6 4. Nf3 Bb7 5. Bd3 d6 6. O-O Nd7 7. Qe2 e5 8. Bg5
Bf6 9. Be3 Ne7 10. Bg5 Ng8 11. Be3 Ne7 12. Nbd2 O-O 13. Bh6 Re8 14. d5 a6 15.
c4 Bc8 16. h3 Bg7 17. Bxg7 Kxg7 18. b4 Rf8 19. Qe3 h6 20. Nh2 f5 21. f4 exf4
22. Rxf4 Ne5 23. exf5 Bxf5 24. Be2 g5 1/2-1/2

[Event "XV C.to Mondiale seniores"]
[Site "Lignano Sabbiadoro ITA"]
[Date "2005.10.03"]
[Round "6"]
[White "Klovans, Janis"]
[Black "Spassov, Liuben D."]
[Result "1/2-1/2"]
[WhiteElo "2463"]
[BlackElo "2396"]
[PlyCount "37"]
[EventDate "2005.09.28"]

1. e4 c6 2. d4 d5 3. e5 Bf5 4. Nf3 e6 5. Be2 Nd7 6. O-O Bg6 7. Nbd2 Nh6 8. Re1
Be7 9. Nf1 Nf5 10. Bd3 O-O 11. Ng3 Nxg3 12. Bxg6 Ne2+ 13. Qxe2 fxg6 14. Be3 h6
15. c4 Qa5 16. c5 b5 17. cxb6 Qxb6 18. Rac1 Rac8 19. b3 1/2-1/2

[Event "XV C.to Mondiale seniores"]
[Site "Lignano Sabbiadoro ITA"]
[Date "2005.10.03"]
[Round "6"]
[White "Kock, Hans-Uwe"]
[Black "Villing, Dieter"]
[Result "1/2-1/2"]
[WhiteElo "2127"]
[BlackElo "2259"]
[PlyCount "60"]
[EventDate "2005.09.28"]

1. d4 d6 2. c4 e5 3. dxe5 dxe5 4. Qxd8+ Kxd8 5. g3 Be6 6. b3 Nc6 7. e3 Nb4 8.
Na3 Ne7 9. Bb2 Nec6 10. O-O-O+ Kc8 11. Kb1 Bf5+ 12. Ka1 a5 13. Bh3 Bxh3 14.
Nxh3 a4 15. Kb1 axb3 16. axb3 f6 17. Nc2 Bc5 18. Nxb4 Nxb4 19. Ng1 Rd8 20.
Rxd8+ Kxd8 21. Ne2 Ke7 22. Rd1 Rd8 23. Rxd8 Kxd8 24. Ba3 Nd3 25. Bxc5 Nxc5 26.
Kc2 Ke7 27. f3 Kd6 28. Nc3 c6 29. b4 Na6 30. Kb3 f5 1/2-1/2

[Event "XV C.to Mondiale seniores"]
[Site "Lignano Sabbiadoro ITA"]
[Date "2005.10.03"]
[Round "6"]
[White "Korhonen, Erkki"]
[Black "Limberg, Siegfried"]
[Result "0-1"]
[WhiteElo "2031"]
[BlackElo "2143"]
[PlyCount "94"]
[EventDate "2005.09.28"]

1. d4 f5 2. c4 Nf6 3. g3 g6 4. Bg2 Bg7 5. Nd2 d6 6. d5 e5 7. dxe6 c6 8. Nh3 Qe7
9. O-O O-O 10. Re1 Bxe6 11. Ng5 d5 12. Nxe6 Qxe6 13. cxd5 Nxd5 14. Nb3 Nd7 15.
e4 Rae8 16. Nd4 Bxd4 17. Qxd4 fxe4 18. Bh6 Qf6 19. Rxe4 Qxd4 20. Rxd4 Rf5 21.
Bh3 Rf7 22. Kf1 Rfe7 23. Bg2 N7f6 24. Bf3 Kf7 25. b4 a6 26. a4 Re5 27. h4 Ng8
28. Bxd5+ Rxd5 29. Rxd5 cxd5 30. Be3 Rc8 31. b5 Ne7 32. bxa6 bxa6 33. Rb1 Rc4
34. a5 d4 35. Bd2 Nd5 36. Rb7+ Rc7 37. Rb8 h5 38. Ke2 Rd7 39. Kd3 Nc7 40. Rb6
Ne6 41. Bb4 Ra7 42. Bd6 Kf6 43. Ke4 Kf7 44. Kd5 Rd7 45. Kc6 Ke8 46. Rb3 Ng7 47.
Kd5 Nf5 0-1

[Event "XV C.to Mondiale seniores"]
[Site "Lignano Sabbiadoro ITA"]
[Date "2005.10.03"]
[Round "6"]
[White "Kristiansen, Erling"]
[Black "Gousseinov, Aguif"]
[Result "1-0"]
[WhiteElo "2266"]
[BlackElo "2066"]
[PlyCount "103"]
[EventDate "2005.09.28"]

1. e4 e5 2. Nf3 Nf6 3. Nc3 Bb4 4. Bc4 O-O 5. d3 d5 6. exd5 Nxd5 7. Bd2 Bxc3 8.
bxc3 Bg4 9. Rb1 Nb6 10. Bb3 Nc6 11. Qe2 Qf6 12. h3 Bxf3 13. Qxf3 Qxf3 14. gxf3
Na5 15. f4 Rfe8 16. O-O Nxb3 17. axb3 exf4 18. Bxf4 Re2 19. Bxc7 Nd5 20. Ba5 b6
21. Bb4 Nxb4 22. cxb4 Rxc2 23. Rfe1 Kf8 24. Re4 Rc3 25. Rd4 Rac8 26. Rc4 b5 27.
Rxc8+ Rxc8 28. Ra1 Rc7 29. Kf1 Ke7 30. Ra5 Rb7 31. Ra6 f6 32. Ke2 Kf7 33. d4
Kg6 34. Kd3 Kf5 35. Rd6 Kf4 36. Re6 Rd7 37. Re3 g5 38. Re6 Kf5 39. Rc6 Rb7 40.
Ke3 h5 41. Rc5+ Ke6 42. Ke4 h4 43. f3 Ke7 44. d5 a6 45. Rc6 Ra7 46. Kf5 a5 47.
Re6+ Kd8 48. bxa5 Rxa5 49. Rxf6 Ra3 50. Ke6 Rxb3 51. Rf8+ Kc7 52. d6+ 1-0

[Event "XV C.to Mondiale seniores"]
[Site "Lignano Sabbiadoro ITA"]
[Date "2005.10.03"]
[Round "6"]
[White "Kummer, Heinz"]
[Black "Bue, Gunnar"]
[Result "1-0"]
[WhiteElo "1998"]
[BlackElo "1901"]
[PlyCount "57"]
[EventDate "2005.09.28"]

1. e4 d6 2. d4 Nf6 3. Nc3 g6 4. Be2 Bg7 5. Be3 O-O 6. Qd2 Nc6 7. f3 a6 8. Bd3
e5 9. d5 Nb4 10. Nge2 Nxd3+ 11. Qxd3 b5 12. a3 Bd7 13. Rd1 Ne8 14. O-O f5 15.
f4 Nf6 16. fxe5 dxe5 17. Bc5 Rf7 18. Nc1 f4 19. Nb3 Bg4 20. Rd2 Nh5 21. Bf2 Bf8
22. Na2 Bd7 23. Nb4 Bxb4 24. axb4 g5 25. Na5 Re7 26. d6 cxd6 27. Qxd6 Ra7 28.
Rfd1 Qe8 29. Qb6 1-0

[Event "XV C.to Mondiale seniores"]
[Site "Lignano Sabbiadoro ITA"]
[Date "2005.10.03"]
[Round "6"]
[White "Loktiev, Ivan"]
[Black "Barlocco, Carlo"]
[Result "1-0"]
[WhiteElo "2396"]
[BlackElo "2235"]
[PlyCount "91"]
[EventDate "2005.09.28"]

1. d4 Nf6 2. c4 c5 3. dxc5 e6 4. Nc3 Bxc5 5. Nf3 Nc6 6. e3 O-O 7. Be2 d5 8.
cxd5 exd5 9. Nb5 Be6 10. O-O Rc8 11. b3 Be7 12. Bb2 Ne4 13. Rc1 Qa5 14. a3 a6
15. b4 Qb6 16. Nbd4 Nxd4 17. Bxd4 Qd6 18. Qb3 Bg4 19. Qb2 Bf6 20. h3 Bxd4 21.
Nxd4 Bxe2 22. Qxe2 Rc4 23. Qg4 Nc3 24. Ra1 Rfc8 25. Qxg7+ Kxg7 26. Nf5+ Kf6 27.
Nxd6 R8c6 28. Nxc4 dxc4 29. Rfe1 Ne4 30. Rac1 Ke5 31. Rc2 b5 32. Rd1 Nd6 33. f3
f5 34. Kf2 Ke6 35. g4 Nf7 36. gxf5+ Kxf5 37. Rd5+ Ke6 38. e4 Rc8 39. f4 Rg8 40.
Rcd2 Rc8 41. Kf3 Rg8 42. Rg2 Rc8 43. Ke3 Nd6 44. Rc5 Ra8 45. Rg7 a5 46. Rcc7
1-0

[Event "XV C.to Mondiale seniores"]
[Site "Lignano Sabbiadoro ITA"]
[Date "2005.10.03"]
[Round "6"]
[White "MacDonald-Ross, Michael"]
[Black "Masich, Vladimir"]
[Result "1/2-1/2"]
[WhiteElo "2233"]
[BlackElo "2072"]
[PlyCount "131"]
[EventDate "2005.09.28"]

1. d4 Nf6 2. Nf3 g6 3. Nc3 Bg7 4. e4 d6 5. Be3 O-O 6. Qd2 c6 7. Bh6 Qa5 8. Bxg7
Kxg7 9. Bd3 Na6 10. O-O e5 11. a3 exd4 12. Nxd4 Qb6 13. Nde2 Nc5 14. Kh1 Ng4
15. Nd1 Nxd3 16. Qxd3 Qc5 17. Qd4+ Qxd4 18. Nxd4 Nf6 19. Nc3 Re8 20. Rfe1 Be6
21. Kg1 d5 22. exd5 Bxd5 23. Nxd5 Nxd5 24. Kf1 Rad8 25. Rxe8 Rxe8 26. Re1 Rd8
27. Nb3 Rd7 28. Nc5 Rc7 29. g3 Kf8 30. Re4 b6 31. Nd3 f5 32. Re6 c5 33. Rd6 Ne7
34. Nf4 Rc8 35. Ne6+ Ke8 36. Ng5 h6 37. Ne6 Rc6 38. Rd8+ Kf7 39. Nf4 g5 40. Nd3
Ke6 41. Ke2 Rd6 42. Rh8 Kd5 43. h4 Nc6 44. c3 a5 45. hxg5 hxg5 46. Rh5 c4 47.
Ne1 Re6+ 48. Kd2 Rg6 49. Nf3 Ne5 50. Nxe5 Kxe5 51. Ke3 g4 52. Rh8 Rd6 53. Re8+
Kf6 54. Rc8 Re6+ 55. Kd2 Rd6+ 56. Ke2 Re6+ 57. Kd2 b5 58. Rf8+ Kg6 59. Ra8 a4
60. Rb8 Re5 61. Rb6+ Kg5 62. Rb8 Kf6 63. Rb6+ Ke7 64. Rh6 Kd7 65. Rb6 Kc7 66.
Rf6 1/2-1/2

[Event "XV C.to Mondiale seniores"]
[Site "Lignano Sabbiadoro ITA"]
[Date "2005.10.03"]
[Round "6"]
[White "Maugg, Ludwig"]
[Black "Akopian, Gagik"]
[Result "0-1"]
[WhiteElo "2125"]
[BlackElo "2258"]
[PlyCount "78"]
[EventDate "2005.09.28"]

1. d4 e6 2. e4 d5 3. Nd2 dxe4 4. Nxe4 Bd7 5. Nf3 Bc6 6. Bd3 Nd7 7. Qe2 Be7 8.
Bd2 Ngf6 9. Nxf6+ Nxf6 10. c3 Bxf3 11. Qxf3 c6 12. O-O-O Qd5 13. Qxd5 cxd5 14.
f3 a6 15. Kb1 Kd7 16. g4 h5 17. g5 Ne8 18. c4 Nc7 19. h4 g6 20. b3 a5 21. c5
Kc6 22. a4 b6 23. cxb6 Kxb6 24. Rc1 Rac8 25. Bf4 Na6 26. Bxa6 Kxa6 27. Rxc8
Rxc8 28. Rc1 Rxc1+ 29. Kxc1 f6 30. Kc2 fxg5 31. hxg5 h4 32. Kd3 h3 33. Bh2 Bxg5
34. f4 Bf6 35. Ke3 g5 36. fxg5 Bxg5+ 37. Kf3 Bf6 38. Bg1 h2 39. Bxh2 Bxd4 0-1

[Event "XV C.to Mondiale seniores"]
[Site "Lignano Sabbiadoro ITA"]
[Date "2005.10.03"]
[Round "6"]
[White "Mayers, Dan E."]
[Black "Serra Olives, Tomas"]
[Result "1/2-1/2"]
[WhiteElo "2011"]
[BlackElo "2128"]
[PlyCount "63"]
[EventDate "2005.09.28"]

1. e4 c5 2. d4 cxd4 3. c3 dxc3 4. Nxc3 Nc6 5. Bc4 e6 6. Nf3 a6 7. a4 Nge7 8.
Bf4 Ng6 9. Bg3 Be7 10. Qe2 O-O 11. h4 d6 12. Rd1 Qc7 13. Ng5 Nge5 14. Ba2 Nb4
15. f4 Nxa2 16. fxe5 Qa5 17. exd6 Bxg5 18. hxg5 Nxc3 19. bxc3 Qxc3+ 20. Kf2
Qc5+ 21. Qe3 Qxe3+ 22. Kxe3 Bd7 23. Rh4 Rac8 24. Kd4 f6 25. Rdh1 e5+ 26. Kd3
Rc6 27. Rxh7 Rxd6+ 28. Ke3 Be8 29. Bxe5 Re6 30. gxf6 gxf6 31. Rh8+ Kg7 32.
R1h7+ 1/2-1/2

[Event "XV C.to Mondiale seniores"]
[Site "Lignano Sabbiadoro ITA"]
[Date "2005.10.03"]
[Round "6"]
[White "Neudel, Bernd"]
[Black "Harito, Roberto"]
[Result "1-0"]
[WhiteElo "1904"]
[BlackElo "1733"]
[PlyCount "118"]
[EventDate "2005.09.28"]

1. d4 Nf6 2. Nf3 e6 3. c4 b6 4. g3 Bb7 5. Bg2 d5 6. O-O Be7 7. Nc3 O-O 8. b3
Re8 9. Bb2 Nbd7 10. Re1 c5 11. cxd5 exd5 12. e3 Ne4 13. Rc1 Nxc3 14. Bxc3 Nf6
15. dxc5 bxc5 16. Bxf6 gxf6 17. Nh4 Kh8 18. Qh5 Rg8 19. Qxf7 Rg7 20. Qh5 Rg5
21. Qe2 Bf8 22. Red1 Qe8 23. f4 Rg8 24. Bxd5 Bxd5 25. Rxd5 Qe6 26. Rcd1 Bh6 27.
Qf3 Rae8 28. Rxc5 Qxe3+ 29. Qxe3 Rxe3 30. Nf5 Bxf4 31. Kf2 Re5 32. Rdd5 Rxd5
33. Rxd5 Be5 34. Rd7 h5 35. Rxa7 h4 36. Kf3 hxg3 37. hxg3 Rd8 38. Kg4 Rg8+ 39.
Kf3 Rd8 40. Rb7 Ra8 41. a4 Bc3 42. Ne3 Kg8 43. Nd5 Be5 44. g4 Kf8 45. Ke4 Bb2
46. Kf5 Ra5 47. Ke6 Ra6+ 48. Rb6 Ra5 49. Nxf6 Re5+ 50. Kd6 Kf7 51. Nd5 Re4 52.
a5 Be5+ 53. Kc6 Rxg4 54. Rb7+ Kf8 55. b4 Rg6+ 56. Kb5 Bd4 57. a6 Rd6 58. Nb6
Bxb6 59. Rxb6 Rd8 1-0

[Event "XV C.to Mondiale seniores"]
[Site "Lignano Sabbiadoro ITA"]
[Date "2005.10.03"]
[Round "6"]
[White "Neumann, Horst"]
[Black "Seuss, Oswald"]
[Result "1/2-1/2"]
[WhiteElo "2003"]
[BlackElo "2080"]
[PlyCount "47"]
[EventDate "2005.09.28"]

1. d4 Nf6 2. Nf3 g6 3. Bg5 Bg7 4. Nbd2 d5 5. e3 O-O 6. Be2 Nbd7 7. O-O h6 8.
Bh4 Ne4 9. Nxe4 dxe4 10. Nd2 g5 11. Bg3 Nf6 12. Be5 Bf5 13. c3 Nd7 14. Bxg7
Kxg7 15. f3 exf3 16. Bxf3 Bd3 17. Rf2 c6 18. Nf1 Bg6 19. e4 Nf6 20. Ng3 Qd7 21.
h3 Rad8 22. Qe2 Qc7 23. e5 Nd5 24. Bxd5 1/2-1/2

[Event "XV C.to Mondiale seniores"]
[Site "Lignano Sabbiadoro ITA"]
[Date "2005.10.03"]
[Round "6"]
[White "Norrito, Salvatore"]
[Black "Cesati Cassin, Giorgio"]
[Result "1-0"]
[WhiteElo "1625"]
[BlackElo "1419"]
[PlyCount "69"]
[EventDate "2005.09.28"]

1. c4 c5 2. Nf3 Nf6 3. g3 g6 4. Bg2 Bg7 5. O-O O-O 6. Nc3 e6 7. e4 d6 8. d4
cxd4 9. Nxd4 Nc6 10. Ndb5 Ne8 11. Bd2 a6 12. Na3 Rb8 13. Rb1 e5 14. Nc2 Be6 15.
Ne3 Nd4 16. Ned5 Nc7 17. f4 f5 18. exf5 Bxf5 19. fxe5 Bxb1 20. Qxb1 dxe5 21.
Rd1 Qd7 22. Be3 Nxd5 23. Nxd5 Qf5 24. Ne7+ Kh8 25. Nxf5 Nxf5 26. Bb6 Bf6 27. b3
Rbc8 28. Rd7 Rce8 29. Rxb7 e4 30. Bxe4 Nd6 31. Rxh7+ Kxh7 32. Bxg6+ Kg8 33.
Bxe8 Rxe8 34. Qg6+ Bg7 35. Qxd6 1-0

[Event "XV C.to Mondiale seniores"]
[Site "Lignano Sabbiadoro ITA"]
[Date "2005.10.03"]
[Round "6"]
[White "Ousatchi, Mark"]
[Black "Rosenfeld, Imre"]
[Result "1-0"]
[WhiteElo "2169"]
[BlackElo "2047"]
[PlyCount "121"]
[EventDate "2005.09.28"]

1. d4 d5 2. c4 e6 3. Nf3 Nf6 4. Bg5 Nbd7 5. e3 c6 6. Nc3 Qa5 7. Nd2 dxc4 8.
Bxf6 Nxf6 9. Nxc4 Qc7 10. Rc1 Be7 11. Be2 O-O 12. O-O Rd8 13. Qc2 Bd7 14. Rfd1
Be8 15. e4 Qf4 16. g3 Qh6 17. Rd3 Qg6 18. Ne5 Qh6 19. Rcd1 Nd7 20. Nf3 Rdc8 21.
a3 Nb6 22. Ne5 g6 23. Ng4 Qg7 24. Rf3 h5 25. Ne3 Rd8 26. e5 c5 27. dxc5 Bxc5
28. Ne4 Rxd1+ 29. Nxd1 Bf8 30. Nf6+ Kh8 31. g4 Nd5 32. gxh5 Nxf6 33. exf6 Qh6
34. Rh3 g5 35. Ne3 Bd6 36. Ng4 Qh7 37. Qc3 Bc6 38. Ne5 Bxe5 39. Qxe5 Qh6 40. f3
Bd5 41. Rg3 Rg8 42. f4 gxf4 43. Rxg8+ Kxg8 44. Qb8+ Qf8 45. Qxf4 Kh8 46. h4
Qg8+ 47. Qg5 Be4 48. Kf2 Bf5 49. Ke1 Qf8 50. Bg4 Be4 51. h6 Bg6 52. h5 Be4 53.
Ke2 Bc6 54. Ke3 b6 55. Qg7+ Qxg7 56. hxg7+ Kg8 57. Kd4 Ba4 58. Ke5 Bc2 59. Kd6
Bd3 60. Bxe6 fxe6 61. Ke7 1-0

[Event "XV C.to Mondiale seniores"]
[Site "Lignano Sabbiadoro ITA"]
[Date "2005.10.03"]
[Round "6"]
[White "Profaizer, Gino"]
[Black "Davydov, Mikhail"]
[Result "1-0"]
[WhiteElo "2017"]
[BlackElo "2144"]
[PlyCount "61"]
[EventDate "2005.09.28"]

1. d4 Nf6 2. Nf3 g6 3. c4 Bg7 4. Nc3 d5 5. cxd5 Nxd5 6. e4 Nxc3 7. bxc3 c5 8.
Rb1 Nc6 9. d5 Na5 10. Bb5+ Bd7 11. c4 O-O 12. Bxd7 Qxd7 13. Qc2 b6 14. Bb2 f6
15. O-O e5 16. Bc1 Rab8 17. Bd2 Nb7 18. h3 Rf7 19. Be3 Bf8 20. Nd2 Re8 21. f3
h5 22. Kh2 Kh7 23. Rbe1 Bh6 24. Bxh6 Kxh6 25. Qd3 Nd6 26. f4 exf4 27. Rxf4 Kg7
28. Qg3 Qe7 29. Nf3 Nxc4 30. Nh4 Ne5 31. Nf5+ 1-0